Obálka Náhled e-knihy:
Epub
Pro půjčování e-knih musíte být přihlášeni.
Jak si půjčit online?

Mezi tebou a nebem /

Jsem Freya a mám slušný problém. Zabouchla jsem se do svého profesora. Ale já se od něj nedokážu držet příliš daleko. Jen si nechci přiznat pravdu. Pf… Co je věkový rozdíl? Jen čísla na papíře. Studuji na vysoké škole a tajně si přivydělávám v klubu. Potřebuju prachy, a ne, nejsou úplně pro mě. V kl...

Celý popis

Uloženo v:
Hlavní autor: Marks, Hope (Autor)
Médium: E-kniha
Jazyk:Czech
Vydáno: Praha : Petra Nachtmanová, 2024
Tagy:
Žádné tagy
LEADER 01523nam a22002297i 4500
001 297559
007 ta
008 260413s2024 xr ||||| |||| 00| 0 cze d
020 |a 9990004064645 
044 |a xr 
100 1 |a  Marks, Hope  |4 aut 
245 1 0 |a Mezi tebou a nebem /  |c  Marks, Hope 
264 1 |a Praha :  |b Petra Nachtmanová,  |c 2024 
300 |a 1 online zdroj (196 stran) 
336 |a text  |b txt  |2 rdacontent 
337 |a bez média  |b n  |2 rdamedia 
338 |a online zdroj  |b cr  |2 rdacarrier 
520 2 |a Jsem Freya a mám slušný problém. Zabouchla jsem se do svého profesora. Ale já se od něj nedokážu držet příliš daleko. Jen si nechci přiznat pravdu. Pf… Co je věkový rozdíl? Jen čísla na papíře. Studuji na vysoké škole a tajně si přivydělávám v klubu. Potřebuju prachy, a ne, nejsou úplně pro mě. V klubu se však něco zvrtne… Jedno špatné rozhodnutí. Jeden výstřel. A pak… ucítím bolest následovanou tmou. Uvízla jsem mezi dvěma světy a zůstala ležet v kómatu. A on… se mě snaží přimět žít. Otázkou je, zda stačí pár slov k mému probuzení. Co když nechci? 
910 |a RBIT002 
998 |d 406464  |a https://core.palmknihy.cz/api/books/406464/cover?seuv5p  |b https://core.palmknihy.cz/api/books/406464/cover/400?seuv5p  |c https://core.palmknihy.cz/api/books/406464/cover/50?seuv5p  |e 2026-04-20  |g 196  |i 9990004064645  |j https://core.palmknihy.cz/api/books/406464/preview.epub  |l   |q 49  |r 1  |s https://www.palmknihy.cz/kniha/406464  |t ebook  |y 2024  |z 1 
999 |d 297557